000
00310nam a22001337a 4500
008
170608b xxu||||| |||| 00| 0 eng d
020
_a
0669076794
041
_a
eng
080
_a
328
100
_a
18
101
_a
SHP
245
_a
AMERICAN GOVERNMENT INSTITUTIONS POLICIES
_c
WILSON.J.Q
942
_2
udc
_c
BK
999
_c
16462
_d
16462